书目信息 |
| 题名: |
陈毅元帅的最后岁月
|
|
| 作者: | 铁竹伟 著 | |
| 分册: | ||
| 出版信息: | 北京 解放军文艺出版社 1997.03 |
|
| 页数: | 332页 | |
| 开本: | 20cm | |
| 丛书名: | ||
| 单 册: | ||
| 中图分类: | I253.1 | |
| 科图分类: | ||
| 主题词: | 报告文学--中国 , 传记文学--中国 | |
| 电子资源: | ||
| ISBN: | 7-5033-0018-3 | |
| 000 | 00594nam0 2200205 45 | |
| 001 | 0357081495 | |
| 005 | 2003041515512115 | |
| 010 | @a7-5033-0018-3@dRMB 16.50 | |
| 100 | @a20030415d1997 km y0chiy0120 ea | |
| 101 | 0 | @achi |
| 102 | @aCN@b110000 | |
| 200 | 1 | @a陈毅元帅的最后岁月@Achen yi yuan shuai de zui hou sui yue@f铁竹伟著@Ftie zhu wei zhu |
| 210 | @a北京@c解放军文艺出版社@d1997.03 | |
| 215 | @a332页@d20cm | |
| 606 | 0 | @a报告文学@x中国 |
| 606 | 0 | @a传记文学@x中国 |
| 690 | @aI253.1@v3 | |
| 701 | 0 | @a铁竹伟@Atie zhu wei@4著 |
| 801 | 0 | @aCN@bPFT@c20030415 |
| 905 | @a10447@dI253.1@eT770 | |
| 陈毅元帅的最后岁月/铁竹伟著.-北京:解放军文艺出版社,1997.03 |
| 332页;20cm |
| ISBN 7-5033-0018-3:RMB 16.50 |
| ● |
| 相关链接 |
|
|
|
正题名:陈毅元帅的最后岁月
索取号:I253.1/T770
 
预约/预借
| 序号 | 登录号 | 条形码 | 馆藏地/架位号 | 状态 | 备注 |
| 1 | 365670 | 203656702 | 文学库108/ [索取号:I253.1/T770] | 在馆 |